La recuperación del trabajo y de sus instituciones rectoras /

Se hace un repaso de la experiencia social y política de Argentina, que emergió de una crisis terminal, causada básicamente por los efectos del "modelo neoliberal", aplicado de acuerdo con el supuesto de que esa era la dirección infalible de la modernización capitalista acelerada que el pa...

Celý popis

Uloženo v:
Podrobná bibliografie
Hlavní autor: Tomada, Carlos
Médium: Text
Témata:
Tagy: Přidat tag
Žádné tagy, Buďte první, kdo vytvoří štítek k tomuto záznamu!

MARC

LEADER 00000 a a2200000 04500
001 40942
003
040
100 |a Tomada, Carlos  
245 |a La recuperación del trabajo y de sus instituciones rectoras /  |c Carlos Tomada  
520 4 |a Se hace un repaso de la experiencia social y política de Argentina, que emergió de una crisis terminal, causada básicamente por los efectos del "modelo neoliberal", aplicado de acuerdo con el supuesto de que esa era la dirección infalible de la modernización capitalista acelerada que el país necesitaba. Esta reflexión está acotada por la experiencia de gestión del gobierno en un área que ha sido particularmente sensible, la de la promoción del trabajo, el empleo y la seguridad social.  
590 |a RRA/JULIO2011  
650 |a 1.RECESION ECONOMICA  
650 |a 2.NEOLIBERALISMO  
650 |a 3.ARGENTINA  
650 |a 4.POLITICA DE EMPLEO  
650 |a 5.INCLUSION SOCIAL  
650 |a 6.POLITICA SOCIAL  
773 |g páginas 29-48  
999 |c 34990  |d 34990